富士五湖の名前 - Statistics

General Stats
  • This quiz has been taken 32 times
  • The average score is 4 of 5
Answer Stats
面積/km^2 湖名 % Correct
5.70 河口湖
100%
4.70 本栖湖
86%
6.80 山中湖
86%
2.10 西湖
83%
0.50 精進湖
76%
No matching quizzes found
Score Distribution
Percent of People with Each Score
Percentile by Number Answered
Your Score History
You have not taken this quiz